000 00879nam a2200217 i 4500
001 167272
003 ES-MaACL
005 20250818063107.0
008 931025s1868 sp |||| | spa d
100 1 _aVerne, Jules,
_d1828-1905
_9188654
245 1 0 _aCinco semanas en globo
_b: viajes y descubrimientos en África por tres ingleses, redactada segun las notas del doctor Fergusson /
_cJulio Verne; traducción de F. N.
260 _aMadrid :
_b[s.n.],
_c1868 (
_fimp. de la Biblioteca Universal Económica)
300 _a259 p. ;
_c18 cm.
490 1 _aBiblioteca Económica de Instricción y Recreo
700 1 _aOrtiz de la Puebla, Vicente.
_987594
700 0 _aFergusson, James.
_949295
830 0 _aBiblioteca Económica de Instricción y Recreo
_9222611
852 _aES-MaACL
_jD-3118
_z-- Enc. hol.
999 _c167272
_d167272